Avengers: Doomsday (2026) Characters - Statistics

General Stats
  • This quiz has been taken 318 times
    307 since last reset
  • The average score is 24 of 32
Answer Stats
Actor Character % Correct
Chris Hemsworth Thor
100%
Anthony Mackie Sam Wilson / Captain America
91%
Paul Rudd Scott Lang / Ant-Man
89%
Sebastian Stan Bucky Barnes
88%
Robert Downey Jr. Doctor Doom / Victor von Doom
86%
Tom Holland Peter Parker / Spider-Man
86%
Tom Hiddleston Loki
85%
Benedict Cumberbatch Stephen Strange / Doctor Strange
85%
Chris Evans [undisclosed role]
85%
Jeremy Renner Clint Barton / Hawkeye
80%
Vanessa Kirby Sue Storm / Invisible Woman
80%
Pedro Pascal Reed Richards / Mister Fantastic
78%
Simu Liu Xu Shang-Chi
77%
Florence Pugh Yelena Belova
75%
Letitia Wright Shuri / Black Panther
74%
Patrick Stewart Charles Xavier / Professor X
73%
Ian McKellen Erik Lehnsherr / Magneto
71%
Wyatt Russell John Walker / U.S. Agent
71%
Joseph Quinn Johnny Storm / Human Torch
70%
Channing Tatum Remy LeBeau / Gambit
69%
David Harbour Alexei Shostakov / Red Guardian
68%
James Marsden Scott Summers / Cyclops
67%
Danny Ramirez Joaquin Torres / Falcon
66%
Ebon Moss-Bachrach Ben Grimm / The Thing
64%
Lewis Pullman Bob / Sentry
64%
Hayley Atwell Peggy Carter
64%
Tenoch Huerta Mejía Namor
63%
Alan Cumming Kurt Wagner / Nightcrawler
61%
Winston Duke M'Baku
61%
Hannah John-Kamen Ava Starr / Ghost
59%
Kelsey Grammer Hank McCoy / Beast
59%
Rebecca Romijn Raven Darkhölme / Mystique
57%
No matching quizzes found
Score Distribution
Percent of People with Each Score
Percentile by Number Answered
Your Score History
You have not taken this quiz since the last reset